Egyptian cartography

Bibliographic Details
Published in:The history of cartography, J.B. Harley and David Woodward, Chicago [etc.], P. 117-129
Main Author: Shore, A.F.
Content type: Article
Published: 1987
Source:MPIPL_cat

MARC

LEADER 00000naa a2200000 u 4500
001 PL0053659
003 PLI01000000000000000053341
005 00000000000000.0
008 ||| u
100 1 |a Shore, A.F. 
245 0 0 |a Egyptian cartography  |c A.F. Shore 
260 |c 1987 
773 0 8 |t The history of cartography  |a J.B. Harley and David Woodward  |d Chicago [etc.]  |g P. 117-129  |w MPIPL_cat.PL0053653  |z 0-226-31633-5  |i In: 
952 |h P. 117-129 
996 |a Aufsatz 
997 |a book chapter